Fallout 3 Locations - Statistics

General Stats
  • This quiz has been taken 46 times
  • The average score is 23 of 164
Answer Stats
Locations % Correct
Vault 101
93%
Megaton
83%
Rivet City
77%
Raven Rock
67%
Vault 87
67%
Jefferson Memorial
63%
Tenpenny Tower
63%
Big Town
60%
Little Lamplight
60%
The Republic of Dave
60%
Arefu
57%
Lincoln Memorial
53%
Paradise Falls
53%
The Washington Monument
50%
Vault 106
50%
Canterbury Commons
47%
Museum of History
47%
Oasis
43%
The Citadel
43%
Old Olney
40%
Smith Casey's Garage
40%
Vault 92
40%
Museum of Technology
37%
Super-Duper Mart
37%
Vault 108
37%
White House
37%
Anchorage Memorial
33%
Andale
30%
The Capitol Building
30%
Bethesda Ruins
27%
Dunwich Building
27%
Deathclaw Sanctuary
23%
Grayditch
23%
Springvale
23%
Evergreen Mills
20%
Fort Constantine
20%
Girdershade
20%
National Guard Depot
20%
AntAgonizer's Lair
17%
Fort Bannister
17%
Fort Independence
17%
Germantown Police HQ
17%
Minefield
17%
Springvale School
17%
Temple of the Union
17%
The National Archives
17%
The Statesman Hotel
17%
Agatha's House
13%
Arlington Library
13%
GNR Building Plaza
13%
Ranger Compound
13%
Regulator HQ
13%
Vault-Tec Headquarters
13%
Arlington Cemetery North
10%
Arlington Cemetery South
10%
Dukov's Place
10%
Falls Church Metro
10%
Hubris Comics
10%
Mama Dolce's
10%
Marigold Station
10%
Nuka-Cola Plant
10%
Our Lady of Hope Hospital
10%
Scrapyard
10%
Takoma Industrial
10%
Tepid Sewers
10%
Warrington Station
10%
Wilhelm's Wharf
10%
Anacostia Crossing
7%
Chevy Chase North
7%
Fairfax Ruins
7%
Falls Church East
7%
Falls Church North
7%
Flooded Metro
7%
Greener Pastures Disposal Site
7%
Hamilton's Hideaway
7%
Jury Street Metro Station
7%
Meresti Trainyard
7%
Pennsylvania Avenue North
7%
Pennsylvania Avenue South
7%
Red Racer Factory
7%
RobCo Facility
7%
Roosevelt Academy
7%
Takoma Park
7%
Vernon Square East
7%
Vernon Square North
7%
Yao Guai Tunnels
7%
Charnel House
3%
Chaste Acres Dairy Farm
3%
Chevy Chase East
3%
Chryslus Building
3%
Cliffside Cavern
3%
Corvega Factory
3%
Drowned Devil's Crossing
3%
Dupont Station
3%
Farragut West Metro Station
3%
Five Axles Rest Stop
3%
Grisly Diner
3%
Irradiated Metro
3%
Jalbert Brothers Waste Disposal
3%
Mason District South
3%
Metro Central
3%
Northwest Seneca Station
3%
Pennsylvania Avenue East
3%
Robot Repair Center
3%
Rockbreaker's Last Gas
3%
Rock Creek Caverns
3%
Seward Square North Metro
3%
Seward Square Northwest
3%
Seward Square Southeast
3%
Shalebridge
3%
The Overlook Drive-In
3%
Warrington Trainyard
3%
Wheaton Armory
3%
WKML Broadcast Station
3%
Abandoned Car Fort
0%
Alexandria Arms
0%
Broadcast Tower KB5
0%
Broadcast Tower KT8
0%
Broadcast Tower LP8
0%
Clifftop Shacks
0%
Dickerson Tabernacle Chapel
0%
Dupont East
0%
Dupont Northeast
0%
Dupont West
0%
Everglow National Campground
0%
Faded Pomp Estates
0%
Fordham Flash Memorial Field
0%
Friendship Heights
0%
F. Scott Key Trail & Campground
0%
Georgetown East
0%
Georgetown North
0%
Georgetown South
0%
Georgetown West
0%
Hallowed Moors Cemetery
0%
Jocko's Pop & Gas Stop
0%
Kaelyn's Bed & Breakfast
0%
L'Enfant Plaza
0%
L'Enfant South
0%
Mall Northwest
0%
Mall Southwest
0%
Mason Dixon Salvage
0%
MDPL-05 Power Station
0%
MDPL-13 Power Station
0%
MDPL-16 Power Station
0%
MDPL-21 Powe Station
0%
MDPL Mass Relay Station
0%
Montgomery County Reservoir
0%
Moonbeam Outdoor Cinema
0%
Mount Mabel Camp Ground
0%
Pennsylvania Avenue Northwest
0%
Platz Station
0%
Reclining Groves Resort Home
0%
Relay Tower KX-B8-11
0%
SatCom Array NN-03d
0%
SatCom Array NN-07c
0%
SatCom Array NW-05a
0%
Sewer Waystation
0%
Sniper Shack
0%
The Mall Northeast
0%
The Silver Lining Drive-In
0%
VAPL-58 Power Station
0%
VAPL-66 Power Station
0%
VAPL-84 Power Station
0%
Vernon Square Station
0%
No matching quizzes found
Score Distribution
Percent of People with Each Score
Percentile by Number Answered
Your Score History
You have not taken this quiz